000
00255nam a2200109Ia 4500
008
230907s9999||||xx |||||||||||||| ||und||
082
_a
620.115,GLI
100
_a
Glinchuk, M D.
_9
115199
245
0
_a
Nanoferroics /
300
_a
xi, 378 p.:
942
_c
BK
999
_c
597827
_d
597827